[Event "Targu Mures op"]
[Site "Targu Mures"]
[Date "2019.10.17"]
[Round "1"]
[White "Malutan, Andrada"]
[Black "Filip, Lucian Ioan"]
[Result "0-1"]
[WhiteElo "1170"]
[BlackElo "2418"]
[PlyCount "40"]
[EventDate "2019.10.17"]
[EventType "swiss"]
[EventRounds "7"]
[EventCountry "ROU"]
[SourceTitle "CBM 192 Extra"]
[Source "Chessbase"]
[SourceDate "2019.11.06"]
[SourceVersion "1"]
[SourceVersionDate "2019.11.06"]
[SourceQuality "1"]

1. e4 c5 2. Nf3 e6 3. Nc3 a6 4. d4 cxd4 5. Nxd4 Qc7 6. Bd2 Nc6 7. Nb3 Nf6 8. Qf3 b5 9. 0-0-0 Ne5 10. Bf4 b4 11. Na4 Bb7 12. Qg3 Rc8 13. Rd2 Nxe4 14. Bxe5 d6 15. Qd3 dxe5 16. Re2 Rd8 17. Qe3 Be7 18. Kb1 Bg5 19. Qb6 Rd1+ 20. Nc1 Rxc1# 0-1